[Event "Oberliga NRW 2122"]
[Site "Germany"]
[Date "2022.04.10"]
[Round "8.4"]
[White "Jonkman, Harmen"]
[Black "Schneider, Bernd"]
[Result "1-0"]
[WhiteElo "2386"]
[BlackElo "2339"]
[PlyCount "51"]
[EventDate "2021.10.31"]
[EventType "team-tourn"]
[EventRounds "9"]
[EventCountry "GER"]
[SourceTitle "EXT 2023"]
[Source "ChessBase"]
[SourceDate "2022.10.05"]
[SourceVersion "1"]
[SourceVersionDate "2022.10.05"]
[SourceQuality "1"]
[WhiteTeam "Erkenschwick"]
[BlackTeam "Bochum II"]
[WhiteTeamCountry "GER"]
[BlackTeamCountry "GER"]

1. e4 g6 2. d4 Bg7 3. Nf3 c6 4. Nc3 d5 5. h3 Nf6 6. e5 Ne4 7. Bd3 Nxc3 8. bxc3 c5 9. 0-0 Nc6 10. a4 0-0 11. Ba3 c4 12. Be2 f6 13. exf6 Bxf6 14. Qd2 Re8 15. Rae1 Qa5 16. Ne5 Bxe5 17. dxe5 Nxe5 18. f4 Nf7 19. Bf3 e6 20. f5 gxf5 21. Bh5 e5 22. Kh1 Qc7 23. Rf3 Be6 24. Rg3+ Kh8 25. Bxf7 Qxf7 26. Bd6 1-0

[Event "Oberliga NRW 2122"]
[Site "Germany"]
[Date "2022.04.03"]
[Round "5.4"]
[White "Schneider, Bernd"]
[Black "Thiel, Thomas"]
[Result "0-1"]
[WhiteElo "2339"]
[BlackElo "2247"]
[PlyCount "64"]
[EventDate "2021.10.31"]
[EventType "team-tourn"]
[EventRounds "9"]
[EventCountry "GER"]
[SourceTitle "EXT 2023"]
[Source "ChessBase"]
[SourceDate "2022.10.05"]
[SourceVersion "1"]
[SourceVersionDate "2022.10.05"]
[SourceQuality "1"]
[WhiteTeam "Bochum II"]
[BlackTeam "Wattenscheid"]
[WhiteTeamCountry "GER"]
[BlackTeamCountry "GER"]

1. d4 Nf6 2. g3 g6 3. Bg2 d5 4. c4 c6 5. cxd5 cxd5 6. Nf3 Bg7 7. 0-0 0-0 8. Ne5 Bf5 9. Nc3 Ne4 10. Qb3 Nc6 11. Qxd5 Nxc3 12. bxc3 Nxe5 13. dxe5 Qxd5 14. Bxd5 Bxe5 15. Ba3 Bxc3 16. Rac1 Bf6 17. Bxb7 Rab8 18. Rc7 Be5 19. Rxe7 Bf6 20. Rc7 Bd8 21. Rc3 Rxb7 22. Bxf8 Kxf8 23. Rd1 Ba5 24. Rc5 Bb4 25. Rc6 Bd7 26. Rc4 Be6 27. Rc2 g5 28. Rd4 h5 29. Kg2 Ke7 30. h3 Bd6 31. f3 Rb1 32. Rc6 Bb4 0-1

[Event "Oberliga Baden 2122"]
[Site "Germany"]
[Date "2021.10.10"]
[Round "1.4"]
[White "Beikert, Guenther"]
[Black "Schneider, Bernd"]
[Result "1-0"]
[WhiteElo "2370"]
[BlackElo "2230"]
[PlyCount "117"]
[EventDate "2021.10.10"]
[EventType "team-tourn"]
[EventRounds "11"]
[EventCountry "GER"]
[SourceTitle "EXT 2023"]
[Source "ChessBase"]
[SourceDate "2022.10.05"]
[SourceVersion "1"]
[SourceVersionDate "2022.10.05"]
[SourceQuality "1"]
[WhiteTeam "Viernheim II"]
[BlackTeam "Untergrombach"]
[WhiteTeamCountry "GER"]
[BlackTeamCountry "GER"]

1. e4 c5 2. Nf3 e6 3. Qe2 b6 4. g3 Ba6 5. d3 Nc6 6. Bg2 Be7 7. 0-0 h5 8. c4 h4 9. Nc3 g5 10. h3 Nd4 11. Nxd4 cxd4 12. Nb5 e5 13. f4 gxf4 14. gxf4 d6 15. fxe5 dxe5 16. Rf5 f6 17. Qg4 Kf8 18. Rh5 Bc8 19. Qxh4 Rxh5 20. Qxh5 a6 21. Na3 Be6 22. Bd2 Qe8 23. Qxe8+ Rxe8 24. Nc2 Kg7 25. Kh2 Nh6 26. Rg1 Rh8 27. Bf3+ Kf8 28. Bxh6+ Rxh6 29. Bg4 Bf7 30. Ne1 Rh8 31. Nf3 Ke8 32. Rf1 Bf8 33. Ng1 Ke7 34. Ne2 Bh6 35. Kg2 Rg8 36. Ng3 Bg6 37. Kf3 Bf4 38. Rf2 a5 39. b3 Kd6 40. a3 Bc1 41. Ra2 Kc5 42. Ne2 Bg5 43. Rb2 Ra8 44. Kg3 Kd6 45. h4 Be3 46. h5 Bf7 47. Rb1 Rh8 48. Rh1 Ke7 49. Kf3 Kf8 50. Ng3 Bd2 51. Nf5 Be6 52. Nd6 Bxg4+ 53. Kxg4 Rg8+ 54. Kf3 Kg7 55. Nf5+ Kh7 56. Ne7 Rg5 57. Nd5 f5 58. exf5 Rxf5+ 59. Ke4 1-0

[Event "GER-ch Net Amateur Gr-A Final"]
[Site "Playchess.com INT"]
[Date "2020.04.18"]
[Round "10"]
[White "Schneider, Bernd"]
[Black "Huber, Philipp"]
[Result "1-0"]
[WhiteElo "2516"]
[BlackElo "2098"]
[PlyCount "169"]
[EventDate "2020.04.18"]
[EventType "swiss (blitz)"]
[EventRounds "13"]
[EventCountry "GER"]
[SourceTitle "CBM 195 Extra"]
[Source "ChessBase"]
[SourceDate "2020.05.31"]
[SourceVersion "1"]
[SourceVersionDate "2020.05.31"]
[SourceQuality "1"]

1. c4 Nf6 2. Nc3 d6 3. g3 g6 4. Bg2 Bg7 5. Nf3 0-0 6. 0-0 e5 7. d4 Nbd7 8. Qc2 c6 9. b3 Re8 10. Ba3 Bf8 11. Rad1 Qc7 12. e4 a5 13. Rd2 exd4 14. Nxd4 Nc5 15. Rfd1 Bg4 16. f3 Bd7 17. Kh1 Rad8 18. Nde2 Bc8 19. Bb2 Bg7 20. Nf4 g5 21. Nd3 Ne6 22. Nf2 h5 23. Ne2 g4 24. f4 Nc5 25. Nc3 b6 26. Kg1 Bb7 27. e5 dxe5 28. Rxd8 Rxd8 29. Rxd8+ Qxd8 30. fxe5 Nfd7 31. e6 Nxe6 32. Nce4 Ne5 33. c5 Nd4 34. Bxd4 Qxd4 35. Nd6 Ba6 36. Nf5 Qa1+ 37. Qd1 Qxd1+ 38. Nxd1 bxc5 39. Ne7+ Kf8 40. Nxc6 Nxc6 41. Bxc6 Bd4+ 42. Kg2 Ke7 43. Nf2 Bxf2 44. Kxf2 Kf6 45. Ke3 Bc8 46. Kf4 Bf5 47. Bb5 Bb1 48. a4 Bc2 49. Bc4 Bd1 50. Bd5 Bc2 51. Bc4 Bd1 52. Bd5 Be2 53. Ke3 Bf1 54. Kf4 Be2 55. Ke3 Ba6 56. Kf4 Bf1 57. Ke3 Ke7 58. Kf4 f6 59. Bg8 Bd3 60. Bd5 Bc2 61. Ke3 Kd6 62. Bf7 Ke5 63. Kd2 Bf5 64. Bxh5 Kd4 65. Bf7 Bd7 66. Bc4 Bc6 67. Be6 Be8 68. Bxg4 Bf7 69. Kc2 Ke3 70. Kc3 Kf2 71. Bd1 Kg2 72. h4 Kxg3 73. h5 f5 74. h6 Bg6 75. Kc4 f4 76. Kxc5 Kh4 77. Kb6 Kg5 78. Kxa5 Kxh6 79. Kb6 Be4 80. a5 Kg5 81. b4 Kf6 82. b5 Ke7 83. Kc7 f3 84. Bxf3 Bxf3 85. b6 1-0

[Event "BL2-Sued 1617"]
[Site "Germany"]
[Date "2017.01.15"]
[Round "4.7"]
[White "Schneider, Bernd"]
[Black "Lanka, Zigurds"]
[Result "1/2-1/2"]
[WhiteElo "2312"]
[BlackElo "2439"]
[PlyCount "84"]
[EventDate "2016.10.16"]
[EventType "team-tourn"]
[EventRounds "9"]
[EventCountry "GER"]
[SourceTitle "EXT 2018"]
[Source "ChessBase"]
[SourceDate "2017.10.13"]
[SourceVersion "1"]
[SourceVersionDate "2017.10.13"]
[SourceQuality "1"]
[WhiteTeam "Untergrombach"]
[BlackTeam "Schott Mainz"]
[WhiteTeamCountry "GER"]
[BlackTeamCountry "GER"]

1. e4 c5 2. Nf3 e6 3. c4 a6 4. d4 cxd4 5. Nxd4 b6 6. Bd3 d6 7. 0-0 g6 8. b3 Bg7 9. Bb2 Nf6 10. Nd2 Bb7 11. Qe2 0-0 12. Rad1 Nbd7 13. Bb1 Qc7 14. Rfe1 Nh5 15. Nf1 d5 16. exd5 exd5 17. cxd5 Ndf6 18. d6 Qc5 19. Nf3 Nd5 20. Bxg7 Nxg7 21. Qd2 Nc3 22. Rc1 Nxb1 23. Rxb1 Bxf3 24. gxf3 Rad8 25. d7 Qf5 26. Rbd1 Qxf3 27. Qd5 Qg4+ 28. Ng3 Ne6 29. f3 Qh3 30. Qd6 h5 31. Re3 Nc5 32. Qxb6 h4 33. Nh5 Nxd7 34. Rxd7 Rxd7 35. Nf6+ Kg7 36. Nxd7 Qxd7 37. Qxa6 Rc8 38. Qd3 Rc1+ 39. Kg2 h3+ 40. Kf2 Qc7 41. Qd4+ f6 42. f4 Rc2+ 1/2-1/2

[Event "Ruhrgebiet Regionalliga 1516"]
[Site "Germany"]
[Date "2016.01.17"]
[Round "5.3"]
[White "Schneider, Bernd"]
[Black "Hillenbrand, Michael"]
[Result "1-0"]
[WhiteElo "2319"]
[BlackElo "2076"]
[PlyCount "81"]
[EventDate "2015.09.13"]
[EventType "team-tourn"]
[EventRounds "9"]
[EventCountry "GER"]
[SourceTitle "EXT 2022"]
[Source "ChessBase"]
[SourceDate "2021.10.06"]
[SourceVersion "1"]
[SourceVersionDate "2021.10.06"]
[SourceQuality "1"]
[WhiteTeam "Bochum SV"]
[BlackTeam "Borbeck Weisse Dame"]
[WhiteTeamCountry "GER"]
[BlackTeamCountry "GER"]

1. d4 c5 2. d5 d6 3. e4 Nf6 4. Nc3 g6 5. Be2 Bg7 6. Nf3 0-0 7. Nd2 e6 8. 0-0 exd5 9. exd5 Nbd7 10. Nc4 Nb6 11. Ne3 Bd7 12. a4 Re8 13. Bf3 a6 14. Re1 Qc7 15. Bd2 Rad8 16. a5 Nc8 17. Qb1 Na7 18. b4 c4 19. Qa2 Nb5 20. Nxb5 Bxb5 21. Bc3 Ne4 22. Bxg7 Kxg7 23. c3 Nf6 24. Rad1 Re5 25. Rd4 Rde8 26. h3 Nd7 27. Red1 Rxe3 28. fxe3 Rxe3 29. Qd2 Rd3 30. Qe1 Ne5 31. Be2 Rxd1 32. Bxd1 Qe7 33. Qe3 h6 34. h4 f5 35. Be2 Qf6 36. g4 fxg4 37. Bxg4 h5 38. Bd1 Bd7 39. Rf4 Bf5 40. Qg3 Kf7 41. Bc2 1-0